Central Library OPAC University of Rajshahi

Retailing management / (Record no. 63765)

MARC details
000 -LEADER
fixed length control field 00823nam a2200265 a 4500
001 - CONTROL NUMBER
control field 63765
003 - CONTROL NUMBER IDENTIFIER
rucl marc code BD-RjUL
005 - DATE AND TIME OF LATEST TRANSACTION
control field 20211209081230.0
008 - FIXED-LENGTH DATA ELEMENTS--GENERAL INFORMATION
fixed length control field 170204s1975 nyu 001 0 eng d
035 ## - SYSTEM CONTROL NUMBER
System control number (BD-RjUL)63895
040 ## - CATALOGING SOURCE
Original cataloging agency BD-RjUL
Language of cataloging eng
Transcribing agency BD-RjUL
041 ## - LANGUAGE CODE
Language code of text/sound track or separate title eng
082 ## - DEWEY DECIMAL CLASSIFICATION NUMBER
Classification number 658.870973
Author mark and year DAR 1975
100 1# - MAIN ENTRY--PERSONAL NAME
Personal name Davidson, William R.
9 (RLIN) 189287
245 10 - TITLE STATEMENT
Title Retailing management /
Statement of responsibility, etc. William R. Davidson, Daniel J. Sweeney, Ronald W. Stampfl
250 ## - EDITION STATEMENT
Edition statement 4th ed
260 ## - PUBLICATION, DISTRIBUTION, ETC. (IMPRINT)
Place of publication, distribution, etc. New York ;
-- Chichester :
Name of publisher, distributor, etc. Wiley,
Date of publication, distribution, etc. c1975
300 ## - PHYSICAL DESCRIPTION
Pagination xix, 883 p. :
Illustrations ill. ;
Size 25 cm
500 ## - GENERAL NOTE
General note Includes index
650 #0 - SUBJECT ADDED ENTRY--TOPICAL TERM
Topical term or geographic name as entry element Retail trade
Geographic subdivision United States
General subdivision Management
9 (RLIN) 189288
700 1# - ADDED ENTRY--PERSONAL NAME
Personal name Sweeney, Daniel J.
Fuller form of name (Daniel Joseph),
Dates associated with a name 1943-
Personal name Stampfl, Ronald W.
942 ## - ADDED ENTRY ELEMENTS (KOHA)
Source of classification or shelving scheme Dewey Decimal Classification
Koha item type Books
Holdings
Lost status Source of classification or shelving scheme Damaged status Not for loan Collection code Permanent Location Current Location Shelving location Date acquired Source of acquisition Total Checkouts Full call number Date last seen Copy number Koha item type
  Dewey Decimal Classification   Not For Loan Non-fiction Central Library, University of Rajshahi Central Library, University of Rajshahi Reading Room 05/09/1985 Asia Foundation   658.870973 DAR 1975 04/02/2017 C-1 Books